000 00983nam a2200241Ia 4500
003 Ost
005 20260507075208.0
008 260507s9999||||xx |||||||||||||| ||und||
020 _a358299579
040 _cfsecg
041 _aara
082 _a330
100 _aعقله، محمود يوسف
_eمؤلف
245 0 _aمفاهيم حديثة في التسويق البنكي /
_c محمود يوسف عقله
260 _aعمان:
_bدار البداية,
_c2009
300 _a211 صفحة؛
_bإيضاحات ؛
_c24 سم
504 _aمراجع ص.211
520 _aمقدمة في الترويج التجاري ،و طبيعة النشاط التسويقي ، الترويج كعملية اتصال ، المفهوم الحديث لادارة التسويق ، التسويق الفعال ،ادارة التسويق و الاطار النظري .
653 _aالبنوك
653 _aالتسويق
653 _aترويج التجارة
942 _cكتاب
999 _c43442
_d43442